The evolution of England : (Record no. 2051)

MARC details
000 -LEADER
fixed length control field 00583nam a2200193 a 4500
003 - CONTROL NUMBER IDENTIFIER
control field BD-DhJNU
005 - DATE AND TIME OF LATEST TRANSACTION
control field 20250831051520.0
008 - FIXED-LENGTH DATA ELEMENTS--GENERAL INFORMATION
fixed length control field 250501s1946 ii a b 001 0 eng
040 ## - CATALOGING SOURCE
Original cataloging agency BD-DhJNU
Language of cataloging ENG
Transcribing agency BD-DhJNU
Modifying agency BD-DhJNU
082 00 - DEWEY DECIMAL CLASSIFICATION NUMBER
Classification number 942 WIE
Edition number 23
100 1# - MAIN ENTRY--PERSONAL NAME
Personal name Williamson, James A.
245 10 - TITLE STATEMENT
Title The evolution of England :
Remainder of title a commentary on the facts /
Statement of responsibility, etc. James A. Williamson
250 ## - EDITION STATEMENT
Edition statement 2nd ed.
260 ## - PUBLICATION, DISTRIBUTION, ETC.
Place of publication, distribution, etc. New York :
Name of publisher, distributor, etc. Oxford University Press,
Date of publication, distribution, etc. 1946.
300 ## - PHYSICAL DESCRIPTION
Extent xii, 493 p. :
Other physical details ill. ;
Dimensions 20 cm.
504 ## - BIBLIOGRAPHY, ETC. NOTE
Bibliography, etc. note Includes index.
650 #0 - SUBJECT ADDED ENTRY--TOPICAL TERM
Topical term or geographic name entry element Great Britain History
942 ## - ADDED ENTRY ELEMENTS (KOHA)
Koha item type Books
Holdings
Withdrawn status Lost status Source of classification or shelving scheme Damaged status Not for loan Collection Home library Current library Shelving location Date acquired Source of acquisition Total checkouts Full call number Barcode Date last seen Copy number Price effective from Koha item type
    Dewey Decimal Classification     Non-fiction Jagannath University Central Library Jagannath University Central Library General stacks 08/31/2025 Purchased   942 WIE JNUCL9025 08/31/2025 1 08/31/2025 Books